000 00578nam a2200217Ia 4500
003 OSt
005 20220928135936.0
006 a|||||r|||| 00| 0
007 ta
008 220927b |||||||| |||| 00| 0 eng d
024 _a5558
037 _cTextual
040 _aSDCL
_cSDCL
_beng
041 _2eng
_aeng
082 _aO-,2J64 : g (NT), K6
100 _aBrown j John Russell
_9493243
245 0 _aShakespeare's plays in performance.
260 _c1966
942 _hO-,2J64 : g (NT), K6
_cTEXL
_2CC
999 _c809016
_d809016